000 00802nam a2200265Ia 4500
003 CO-BoRNBP
005 20230412205848.0
007 ta
008 171002s9999 xx 000 0 und d
020 _a9586121437
040 _aCO-BoRNBP
_bspa
_erda
_cCO-BoRNBP
041 _aspa
084 _aN GAR31
100 1 _aGarcía Aguilar, Eduardo, 1953
_91195
245 1 0 _aUrbes luminosas:
_b relatos /
_c Eduardo Garcia Aguilar
250 _aPrimera edición
264 _aBogotá :
_b Colcultura,
_c 1993
300 _a152 p.
336 _atexto
_btxt
_2rdacontent
337 _asin mediación
_bn
_2rdamedia
338 _avolumen
_bnc
_2rdacarrier
490 _aEscritores colombianos en la diáspora
650 1 4 _aLiteratura Colombiana \ Relatos De Viajes En La Literatura
_2ARMARC
_91196
942 _cBK
999 _c9383
_d9383